000 00987nam a22002537a 4500
999 _c65845
_d65845
005 20240530110846.0
008 200912s2020 ua a f b 000 0dara d
017 _a2019/22432
_bمصر. دار الكتب
020 _a9789777550611
040 _aEG-CaGPL
_cEG-CaGPL
082 0 4 _221
_a372.21\
_bح ت
100 0 _aحسام مازن
245 1 0 _aتكنولوجيا ثقافة الخيال العلمى والادبى واخلاقيات العلم لطفل ما قبل المدرسة /
_cحسام مازن
250 _aط.1
260 _aالقاهرة :
_bدار السحاب للنشر والتوزيع،
_c2020
300 _a302 ص. ؛
_c24 سم.
504 _aيشتمل على ارجاعات ببليوجرافية
650 0 7 _aالخيال العلمى
_2qrmak
650 0 7 _aتعليم الاطفال
_2qrmak
650 0 7 _aاطفال ما قبل المدرسة
_2qrmak
651 _2qrmak
942 _2ddc
_cBK